[Event "36 R.G.Nezhmetdinov Memorial"]
[Site "Kazan, Russia"]
[Date "2014.05.31"]
[Round "1.27"]
[White "Tunik, Gennady"]
[Black "Mamyrbay, Assad"]
[Result "1-0"]
[WhiteElo "2430"]
[BlackElo "2078"]
[PlyCount "79"]
[EventDate "2015.??.??"]

1. d4 Nf6 2. c4 g6 3. Nc3 d5 4. cxd5 Nxd5 5. e4 Nxc3 6. bxc3 Bg7 7. Nf3 c5 8.
Be3 O-O 9. Be2 Bg4 10. O-O cxd4 11. cxd4 Bxf3 12. Bxf3 Nc6 13. d5 Na5 14. Rc1
b6 15. Bf4 Rc8 16. Qa4 Qe8 17. Qb4 Qd7 18. h3 h5 19. Rfd1 Rfd8 20. e5 Bf8 21.
e6 fxe6 22. Qb1 Qe8 23. dxe6 Rxd1+ 24. Rxd1 Bg7 25. Be4 Kh7 26. Rd5 Rc5 27.
Rxc5 bxc5 28. Qd1 Kg8 29. Qd7 Qf8 30. g3 Nc4 31. Qxa7 Bd4 32. Bxg6 Ne5 33. Be4
Qf6 34. Qa8+ Kg7 35. Qd5 h4 36. Kg2 hxg3 37. Bxg3 Kh6 38. a4 Ng6 39. Bxg6 Qxg6
40. a5 1-0

[Event "36 R.G.Nezhmetdinov Memorial"]
[Site "Kazan, Russia"]
[Date "2014.05.31"]
[Round "1.28"]
[White "Ioffe, Dmitry"]
[Black "Ulko, Jaroslav"]
[Result "0-1"]
[WhiteElo "2077"]
[BlackElo "2422"]
[PlyCount "122"]
[EventDate "2015.??.??"]

1. Nf3 c5 2. b3 Nc6 3. Bb2 d5 4. e3 e6 5. Bb5 Nge7 6. O-O a6 7. Be2 d4 8. Bd3
g6 9. Ba3 Bg7 10. Bxc5 dxe3 11. Nc3 exd2 12. Ne4 O-O 13. Rb1 b6 14. Ba3 a5 15.
Qxd2 Nb4 16. Rfd1 Bb7 17. Qe2 Qc7 18. c3 Nxd3 19. Rxd3 Rfd8 20. Bd6 Qc6 21.
Bxe7 Rxd3 22. Qxd3 Qxe4 23. Rd1 Qxd3 24. Rxd3 b5 25. Nd2 a4 26. bxa4 bxa4 27.
c4 Rc8 28. a3 Bb2 29. Bb4 Ba6 30. g3 e5 31. Rd6 Bxc4 32. Nxc4 Rxc4 33. Ra6 Bd4
34. Rxa4 Rc2 35. Be1 Rc1 36. Kf1 Bc3 37. Re4 Ra1 38. f4 exf4 39. gxf4 Kg7 40.
Re3 Bxe1 41. Rxe1 Rxa3 42. Kg2 Kf6 43. Re5 Ra6 44. Kf3 h6 45. h4 Ra1 46. Rb5
Rg1 47. h5 g5 48. Rb6+ Kg7 49. f5 Rh1 50. f6+ Kh7 51. Kg4 Rf1 52. Ra6 Rf4+ 53.
Kg3 Rh4 54. Ra7 Rxh5 55. Rxf7+ Kg6 56. Rf8 Rh4 57. Ra8 Kxf6 58. Ra6+ Kg7 59.
Rb6 Rf4 60. Rb7+ Kg6 61. Rb6+ Rf6 0-1

[Event "36 R.G.Nezhmetdinov Memorial"]
[Site "Kazan, Russia"]
[Date "2014.05.31"]
[Round "1.29"]
[White "Isajevsky, Anton"]
[Black "Sadykov, Renat"]
[Result "1-0"]
[WhiteElo "2416"]
[BlackElo "2069"]
[PlyCount "73"]
[EventDate "2015.??.??"]

1. Nf3 d5 2. g3 Nf6 3. Bg2 e6 4. O-O Be7 5. b3 O-O 6. Bb2 Nbd7 7. c4 c6 8. d3
b5 9. Nbd2 bxc4 10. dxc4 a5 11. e4 a4 12. Qc2 Bb7 13. e5 Ng4 14. h3 Nh6 15. g4
axb3 16. axb3 Qb6 17. Ne1 Rxa1 18. Bxa1 Ra8 19. Nd3 Bg5 20. Nf3 Be7 21. Rc1 Ra3
22. cxd5 exd5 23. e6 fxe6 24. Qe2 Nf8 25. Qb2 e5 26. Ndxe5 Rxb3 27. Qc2 c5 28.
g5 Nf7 29. Nxf7 Kxf7 30. Re1 Bd6 31. Nd2 Rb4 32. Bxd5+ Bxd5 33. Qf5+ Kg8 34.
Qxd5+ Kh8 35. Qf7 Rd4 36. Re8 h6 37. g6 1-0

[Event "36 R.G.Nezhmetdinov Memorial"]
[Site "Kazan, Russia"]
[Date "2014.05.31"]
[Round "1.30"]
[White "Zhdanov, Petr"]
[Black "Yagupov, Igor"]
[Result "0-1"]
[WhiteElo "2021"]
[BlackElo "2414"]
[PlyCount "66"]
[EventDate "2015.??.??"]

1. e4 c5 2. Nf3 Nc6 3. d4 cxd4 4. Nxd4 Qb6 5. Nxc6 bxc6 6. Bd3 g6 7. O-O Bg7 8.
Nc3 d6 9. Na4 Qc7 10. f4 Nf6 11. h3 O-O 12. Be3 Nd7 13. Rb1 e5 14. f5 d5 15.
fxg6 hxg6 16. exd5 cxd5 17. Qd2 Bb7 18. b3 f5 19. Bh6 e4 20. Bxg7 Kxg7 21. Be2
f4 22. Bg4 Ne5 23. Qd4 Kh7 24. Nc5 Qb6 25. Qxe5 Qxc5+ 26. Kh1 Rae8 27. Qb2 d4
28. b4 Qe5 29. Qa3 a6 30. b5 axb5 31. Bd7 f3 32. Rxb5 Qg3 33. gxf3 exf3 0-1

[Event "36 R.G.Nezhmetdinov Memorial"]
[Site "Kazan, Russia"]
[Date "2014.05.31"]
[Round "1.31"]
[White "Pasiev, Rakhim"]
[Black "Fedotov, Nikita"]
[Result "1-0"]
[WhiteElo "2410"]
[BlackElo "2017"]
[PlyCount "79"]
[EventDate "2015.??.??"]

1. e4 c5 2. Nf3 d6 3. c3 Nf6 4. Be2 g6 5. O-O Bg7 6. Re1 O-O 7. Bf1 Nc6 8. h3
b6 9. d4 cxd4 10. cxd4 Bb7 11. Nc3 e5 12. d5 Ne7 13. Nd2 Ne8 14. a4 f5 15. a5
Nf6 16. a6 Bc8 17. b3 f4 18. Ba3 g5 19. Be2 h5 20. Nb5 g4 21. Nxd6 f3 22. Nxc8
Rxc8 23. gxf3 gxh3 24. Bf1 h2+ 25. Kh1 Ng6 26. Bxf8 Bxf8 27. Bh3 Nf4 28. Bxc8
Qxc8 29. Re3 Bc5 30. Qf1 h4 31. Rc1 Qd7 32. Rec3 N6h5 33. Rxc5 bxc5 34. Nc4 Qb5
35. Kxh2 Qxb3 36. Ne3 Ng3 37. Qc4 Qb2 38. d6+ Kf8 39. Qc2 Qb8 40. Qxc5 1-0

[Event "36 R.G.Nezhmetdinov Memorial"]
[Site "Kazan, Russia"]
[Date "2014.05.31"]
[Round "1.32"]
[White "Matskevich, Ivan"]
[Black "Smirnov, Alexey"]
[Result "0-1"]
[WhiteElo "2009"]
[BlackElo "2407"]
[PlyCount "94"]
[EventDate "2015.??.??"]

1. e4 c5 2. Nc3 d6 3. g3 Nc6 4. Bg2 g6 5. d3 Bg7 6. Be3 e6 7. Nge2 Nd4 8. f4
Ne7 9. O-O O-O 10. h3 Nec6 11. Qd2 Qa5 12. Rab1 Nxe2+ 13. Nxe2 Qxd2 14. Bxd2
Nb4 15. Bxb4 cxb4 16. c3 a5 17. a3 Bd7 18. axb4 axb4 19. Ra1 Bb5 20. c4 Ba4 21.
e5 Bc2 22. Rxa8 Rxa8 23. Bxb7 Rb8 24. exd6 Rxb7 25. c5 Rd7 26. Ra1 Bxd3 27.
Ra8+ Bf8 28. Nd4 Be4 29. Rb8 Bd5 30. Kf2 Kg7 31. Rb6 Rd8 32. Ke3 Rc8 33. Rb5 b3
34. g4 h6 35. Ne2 g5 36. Kd4 Bf3 37. Nc3 gxf4 38. Ke5 Bc6 39. Ra5 f3 40. Nd1
Kg6 41. Kd4 Bg7+ 42. Kd3 e5 43. Kc4 e4 44. Kxb3 Bd4 45. Kc4 e3 46. Nxe3 Bxe3
47. Kd3 f2 0-1

[Event "36 R.G.Nezhmetdinov Memorial"]
[Site "Kazan, Russia"]
[Date "2014.05.31"]
[Round "1.33"]
[White "Yandemirov, Valeri"]
[Black "Nizamov, Bulat"]
[Result "1/2-1/2"]
[WhiteElo "2403"]
[BlackElo "2005"]
[PlyCount "81"]
[EventDate "2015.??.??"]

1. e4 c5 2. Nf3 e6 3. c4 Nc6 4. d4 cxd4 5. Nxd4 Nxd4 6. Qxd4 Ne7 7. Nc3 Nc6 8.
Qd3 Bc5 9. Be2 d6 10. O-O e5 11. Be3 Be6 12. a3 a5 13. Rfd1 Qe7 14. b4 Bxe3 15.
fxe3 axb4 16. Nd5 Bxd5 17. exd5 Nb8 18. axb4 Rxa1 19. Rxa1 O-O 20. c5 dxc5 21.
d6 Qd8 22. bxc5 b6 23. cxb6 Qxb6 24. Rb1 Qa7 25. Qc3 Nd7 26. Bb5 Qb6 27. Qd3
Nc5 28. Bc4 e4 29. Rxb6 exd3 30. Kf1 Rd8 31. Ke1 d2+ 32. Kd1 Ne4 33. d7 Kf8 34.
Bb5 Nc3+ 35. Kxd2 Nxb5 36. Rxb5 Rxd7+ 37. Ke2 g6 38. Kf3 Rd2 39. h4 h5 40. Rb6
Kg7 41. Ra6 1/2-1/2

[Event "36 R.G.Nezhmetdinov Memorial"]
[Site "Kazan, Russia"]
[Date "2014.05.31"]
[Round "1.34"]
[White "Mingatin, Mars"]
[Black "Vastrukhin, Oleg"]
[Result "0-1"]
[WhiteElo "2004"]
[BlackElo "2401"]
[PlyCount "49"]
[EventDate "2015.??.??"]

1. d4 Nf6 2. Nf3 g6 3. c4 Bg7 4. g3 O-O 5. Bg2 d5 6. cxd5 Nxd5 7. O-O Nc6 8. e4
Nb6 9. d5 Na5 10. Nc3 c6 11. Bf4 cxd5 12. exd5 Nac4 13. Qe2 Bg4 14. Rac1 Rc8
15. Rfd1 Qd7 16. b3 Nd6 17. Qd2 Rxc3 18. Rxc3 Ne4 19. Qd3 Nxc3 20. Rc1 Ncxd5
21. Be5 Qf5 22. Qd4 f6 23. Nh4 Qd7 24. Bxd5+ Nxd5 25. Rc7 0-1

[Event "36 R.G.Nezhmetdinov Memorial"]
[Site "Kazan, Russia"]
[Date "2014.05.31"]
[Round "1.35"]
[White "Ponfilenok, Vladimir"]
[Black "Bakunin, Damir"]
[Result "1-0"]
[WhiteElo "2399"]
[BlackElo "1992"]
[PlyCount "105"]
[EventDate "2015.??.??"]

1. d4 Nf6 2. c4 e6 3. g3 d5 4. Nf3 dxc4 5. Bg2 Nc6 6. Qa4 Bb4+ 7. Bd2 Nd5 8.
Bxb4 Ndxb4 9. O-O O-O 10. a3 Nd5 11. Qxc4 Bd7 12. Nc3 Nxc3 13. Qxc3 f6 14. Rac1
Kh8 15. e4 Rc8 16. d5 exd5 17. exd5 Ne7 18. Qb3 Rb8 19. Nd4 Nf5 20. Nxf5 Bxf5
21. Qe3 Re8 22. Qxa7 Be4 23. Bxe4 Rxe4 24. Rfe1 Re5 25. Rxe5 fxe5 26. Re1 h6
27. Rxe5 Kh7 28. Qc5 b6 29. Qe7 Qxe7 30. Rxe7 Rd8 31. Rxc7 Rxd5 32. Rc6 b5 33.
b4 Rd3 34. Ra6 Rb3 35. h4 Kg8 36. Kg2 Kf7 37. g4 Ke7 38. f3 Kf7 39. Kg3 Ke7 40.
Kf4 g5+ 41. hxg5 hxg5+ 42. Kxg5 Rxf3 43. Kg6 Rg3 44. g5 Kf8 45. Ra8+ Ke7 46.
Ra5 Kf8 47. Rxb5 Rxa3 48. Rb8+ Ke7 49. Kg7 Rg3 50. g6 Rb3 51. Kg8 Rg3 52. g7
Rb3 53. Rb6 1-0

[Event "36 R.G.Nezhmetdinov Memorial"]
[Site "Kazan, Russia"]
[Date "2014.05.31"]
[Round "1.36"]
[White "Mischeryakov, Alexey"]
[Black "Faizrakhmanov, Ramil"]
[Result "1/2-1/2"]
[WhiteElo "1945"]
[BlackElo "2364"]
[PlyCount "120"]
[EventDate "2015.??.??"]

1. e4 e5 2. Nf3 Nc6 3. d4 exd4 4. Nxd4 Bc5 5. Nxc6 Qf6 6. Qf3 bxc6 7. Bc4 Qxf3
8. gxf3 Ne7 9. Nc3 O-O 10. Be3 Bb6 11. O-O-O d6 12. Rhg1 Be6 13. Bb3 Bxb3 14.
axb3 f5 15. Kd2 f4 16. Bxb6 axb6 17. Ra1 Ng6 18. Rxa8 Rxa8 19. Rg4 Rf8 20. Rg1
Ne5 21. Ke2 Ra8 22. b4 b5 23. b3 Kf7 24. Rg5 g6 25. Rg1 Kg7 26. h4 Kh6 27. Rh1
Kh5 28. Rh3 Ra1 29. Kd2 Rf1 30. Ke2 Rg1 31. Kd2 Kh6 32. Ke2 Kg7 33. Nd1 h5 34.
Nc3 Kf6 35. Kd2 g5 36. hxg5+ Kxg5 37. Ke2 h4 38. Kd2 Nxf3+ 39. Rxf3 Kg4 40.
Rxf4+ Kxf4 41. Ne2+ Kf3 42. Nxg1+ Kxf2 43. Nh3+ Kg3 44. Ng1 Kg2 45. Ne2 Kf2 46.
Nf4 Kf3 47. Nh3 Kxe4 48. Ke2 Kd4 49. Kd2 c5 50. Ng5 Kd5 51. bxc5 Kxc5 52. Kc3
c6 53. Ne4+ Kd5 54. Ng5 c5 55. Kd3 b4 56. Ke3 c4 57. Kd2 Kc5 58. Ne4+ Kd5 59.
Ng5 Kc5 60. Ne4+ Kd5 1/2-1/2

[Event "36 R.G.Nezhmetdinov Memorial"]
[Site "Kazan, Russia"]
[Date "2014.05.31"]
[Round "1.37"]
[White "Petrov, Nikita"]
[Black "Teimurov, Artur"]
[Result "1-0"]
[WhiteElo "2359"]
[BlackElo "1934"]
[PlyCount "75"]
[EventDate "2015.??.??"]

1. d4 Nf6 2. Nf3 g6 3. c4 Bg7 4. Nc3 O-O 5. e4 d6 6. Be2 e5 7. O-O Nc6 8. Be3
exd4 9. Nxd4 Re8 10. f3 Nh5 11. Qd2 Nf4 12. Rfd1 Bxd4 13. Bxd4 Nxd4 14. Qxd4
Qg5 15. Bf1 Bh3 16. Qd2 c6 17. Kh1 Be6 18. Ne2 Nh3 19. gxh3 Qxd2 20. Rxd2 Bxc4
21. Nf4 Bxf1 22. Rxf1 Rad8 23. Rfd1 g5 24. Nh5 Re6 25. Ng3 b6 26. Nf5 d5 27.
exd5 cxd5 28. Rxd5 Rxd5 29. Rxd5 h5 30. Rd2 Kh7 31. Kg2 Kg6 32. Ng3 f5 33. Kf2
a6 34. Ne2 b5 35. Rd5 f4 36. h4 Rf6 37. hxg5 Rf7 38. h4 1-0

[Event "36 R.G.Nezhmetdinov Memorial"]
[Site "Kazan, Russia"]
[Date "2014.05.31"]
[Round "1.38"]
[White "Galimov, Ildus"]
[Black "Gerasimov, Ivan"]
[Result "0-1"]
[WhiteElo "1926"]
[BlackElo "2346"]
[PlyCount "56"]
[EventDate "2015.??.??"]

1. d4 Nf6 2. Nc3 d5 3. Bg5 Nbd7 4. Nf3 h6 5. Bh4 g6 6. e3 Bg7 7. Bd3 O-O 8. O-O
c5 9. Re1 b6 10. e4 dxe4 11. Nxe4 Bb7 12. c3 Nxe4 13. Bxe4 Bxe4 14. Rxe4 g5 15.
Nxg5 hxg5 16. Bxg5 f6 17. Bh4 Rf7 18. Qb3 Nf8 19. dxc5 bxc5 20. Rd1 Qb6 21. Qc2
Ng6 22. Rde1 e5 23. Rg4 f5 24. Ra4 e4 25. Bg5 Ne5 26. b4 Nd3 27. Rd1 cxb4 28.
cxb4 Nb2 0-1

[Event "36 R.G.Nezhmetdinov Memorial"]
[Site "Kazan, Russia"]
[Date "2014.05.31"]
[Round "1.39"]
[White "Kostin, Konstantin"]
[Black "Mardakhaev, Semen"]
[Result "1-0"]
[WhiteElo "2344"]
[BlackElo "1917"]
[PlyCount "65"]
[EventDate "2015.??.??"]

1. d4 Nf6 2. c4 g6 3. Nc3 Bg7 4. e4 d6 5. Be2 O-O 6. Bg5 c5 7. d5 Na6 8. h3 h6
9. Bf4 Qa5 10. Bd2 Bd7 11. Nf3 Ne8 12. O-O Qd8 13. Re1 e6 14. dxe6 Bxe6 15. Nd5
Nac7 16. Bd3 Bxd5 17. exd5 b5 18. cxb5 Nxd5 19. Be4 Nef6 20. Bxd5 Nxd5 21. Bxh6
Bxh6 22. Qxd5 Qf6 23. Re2 Rab8 24. a4 Rfe8 25. Rae1 Rxe2 26. Rxe2 Bc1 27. b3
Kg7 28. g3 Rb6 29. Re8 a6 30. Qa8 axb5 31. Rh8 Qe7 32. Rh4 Bh6 33. Rxh6 1-0

[Event "36 R.G.Nezhmetdinov Memorial"]
[Site "Kazan, Russia"]
[Date "2014.05.31"]
[Round "1.40"]
[White "Kozina, Anastasia"]
[Black "Rodchenkov, Vitaly"]
[Result "1-0"]
[WhiteElo "1886"]
[BlackElo "2328"]
[PlyCount "93"]
[EventDate "2015.??.??"]

1. e4 a6 2. d4 b5 3. Bd3 Bb7 4. Nf3 e6 5. O-O c5 6. c3 Nf6 7. Re1 Be7 8. a4 c4
9. Bc2 O-O 10. Nbd2 Qc7 11. Nf1 d6 12. Ng3 Nbd7 13. Bf4 e5 14. Bc1 Rfe8 15. h3
Bf8 16. Bd2 Rad8 17. b3 cxb3 18. Bxb3 h6 19. Qc2 Nb6 20. axb5 axb5 21. Ra7 Ra8
22. Rxa8 Bxa8 23. Qd3 Nc4 24. Bxc4 bxc4 25. Qc2 Bb7 26. d5 Nd7 27. Be3 Ra8 28.
Rb1 Ra5 29. Nd2 Ba6 30. Rb4 g6 31. Qb2 Nc5 32. Rb8 Bb7 33. Nxc4 Ra6 34. Rxf8+
Kxf8 35. Bxh6+ Kg8 36. Ne3 Bc8 37. Bg5 Qb6 38. Qe2 Ra1+ 39. Kh2 Qb1 40. Nef1
Ba6 41. Qg4 Ra2 42. Nd2 Qb7 43. Nf5 gxf5 44. exf5 Kf8 45. Qh4 f6 46. Qh8+ Kf7
47. Bxf6 1-0

[Event "36 R.G.Nezhmetdinov Memorial"]
[Site "Kazan, Russia"]
[Date "2014.05.31"]
[Round "1.41"]
[White "Amirkhanov, Roustem"]
[Black "Kavyev, Ruslan"]
[Result "1-0"]
[WhiteElo "2311"]
[BlackElo "1880"]
[PlyCount "89"]
[EventDate "2015.??.??"]

1. Nf3 Nf6 2. g3 g6 3. Bg2 Bg7 4. O-O O-O 5. d4 c5 6. d5 d6 7. Nc3 Na6 8. e4
Nc7 9. a4 b6 10. Re1 Bg4 11. Bf4 Nd7 12. Qd2 Bxf3 13. Bxf3 Ne5 14. Be2 Qd7 15.
Bh6 Qh3 16. Bxg7 Kxg7 17. f4 Ng4 18. Bf1 Qh6 19. h3 Ne5 20. Qf2 Nd7 21. e5 Rae8
22. Nb5 Nxb5 23. axb5 Ra8 24. Ra3 Rfc8 25. c4 Kg8 26. e6 Nf8 27. g4 f6 28. h4
Qg7 29. Kh2 h6 30. Bd3 Nh7 31. Bb1 g5 32. Rf1 Kh8 33. Bf5 Rcb8 34. Rfa1 Rb7 35.
fxg5 fxg5 36. Bxh7 Rf8 37. Bf5 h5 38. Rf3 hxg4 39. Bxg4 Rxf3 40. Bxf3 g4 41.
Bg2 Rb8 42. Rf1 Rg8 43. Qe3 g3+ 44. Kg1 Qh7 45. Qc3+ 1-0

[Event "36 R.G.Nezhmetdinov Memorial"]
[Site "Kazan, Russia"]
[Date "2014.05.31"]
[Round "1.42"]
[White "Bubnov, Kirill"]
[Black "Morgunov, Anatoly"]
[Result "0-1"]
[WhiteElo "1871"]
[BlackElo "2307"]
[PlyCount "78"]
[EventDate "2015.??.??"]

1. d4 d5 2. c4 c6 3. Nc3 Nf6 4. Nf3 e6 5. Bg5 dxc4 6. e3 b5 7. a4 Qb6 8. Bxf6
gxf6 9. Nd2 Nd7 10. axb5 cxb5 11. Qc2 Bb7 12. b3 cxb3 13. Qxb3 a6 14. Be2 Bxg2
15. Rg1 Bb7 16. Bh5 f5 17. d5 Nc5 18. Qb1 O-O-O 19. Bf3 exd5 20. Qxf5+ Qe6 21.
Qc2 Qf6 22. Rc1 Kb8 23. Ne2 Rc8 24. Qb1 Bd6 25. h3 Rc7 26. Rd1 Na4 27. Kf1 Be5
28. Qa2 Rd8 29. Rg2 Nc3 30. Nxc3 Bxc3 31. Ke2 b4 32. Nb1 d4 33. Bxb7 Rxb7 34.
Nxc3 dxc3 35. Rxd8+ Qxd8 36. Qc4 b3 37. Qf4+ Ka7 38. e4 b2 39. Qe3+ Qb6 0-1

[Event "36 R.G.Nezhmetdinov Memorial"]
[Site "Kazan, Russia"]
[Date "2014.05.31"]
[Round "1.44"]
[White "Sharafutdinov, Marat"]
[Black "Toropov, Pavel"]
[Result "0-1"]
[WhiteElo "1837"]
[BlackElo "2305"]
[PlyCount "88"]
[EventDate "2015.??.??"]

1. d4 d5 2. c4 c6 3. cxd5 cxd5 4. Nc3 Nf6 5. Bg5 Ne4 6. Nxe4 dxe4 7. Qd2 h6 8.
Bh4 Qb6 9. e3 Nc6 10. Ne2 Bf5 11. Nc3 e6 12. Be2 Be7 13. Bxe7 Nxe7 14. Na4 Qd6
15. Bb5+ Kf8 16. O-O Kg8 17. Rac1 Kh7 18. Rc5 Rhc8 19. Rfc1 b6 20. Rxc8 Rxc8
21. Rxc8 Nxc8 22. a3 Ne7 23. h3 g5 24. Be2 e5 25. Nc3 exd4 26. Nb5 Qd8 27. exd4
a5 28. Nc3 Nd5 29. Bc4 Nxc3 30. Qxc3 Kg7 31. Kf1 Qd6 32. Ke2 Bd7 33. g4 f5 34.
gxf5 Bxf5 35. b4 axb4 36. Qxb4 Qxb4 37. axb4 Bxh3 38. Bd5 Bf5 39. Ke3 Kf6 40.
Bxe4 Bxe4 41. Kxe4 h5 42. f4 gxf4 43. Kxf4 Ke6 44. Kg5 Kd5 0-1

[Event "36 R.G.Nezhmetdinov Memorial"]
[Site "Kazan, Russia"]
[Date "2014.05.31"]
[Round "1.45"]
[White "Denisov, Lev"]
[Black "Tukaeva, Adelya"]
[Result "1-0"]
[WhiteElo "2302"]
[BlackElo "1796"]
[PlyCount "43"]
[EventDate "2015.??.??"]

1. e4 c5 2. Nf3 d6 3. d4 cxd4 4. Nxd4 Nf6 5. Nc3 g6 6. g3 Bg7 7. Bg2 O-O 8. O-O
Nc6 9. Nde2 Bd7 10. h3 Rc8 11. Be3 Na5 12. b3 Qc7 13. Bd4 b5 14. a3 a6 15. Qd2
e6 16. Rfd1 Rfd8 17. Qe3 Rb8 18. e5 Nd5 19. Nxd5 exd5 20. exd6 Qxd6 21. Bxg7
Kxg7 22. Qc3+ 1-0

[Event "36 R.G.Nezhmetdinov Memorial"]
[Site "Kazan, Russia"]
[Date "2014.05.31"]
[Round "1.46"]
[White "Kavyev, Emil"]
[Black "Amerzianov, Timur"]
[Result "0-1"]
[WhiteElo "1771"]
[BlackElo "2301"]
[PlyCount "46"]
[EventDate "2015.??.??"]

1. e4 c5 2. Nf3 d6 3. d4 cxd4 4. Nxd4 Nf6 5. Nc3 a6 6. Be3 e5 7. Nb3 Be6 8. h3
Be7 9. Be2 O-O 10. Qd2 b5 11. a3 Nbd7 12. O-O Qc7 13. Rad1 Rfc8 14. f4 Nb6 15.
f5 Nc4 16. Qc1 Nxe3 17. Qxe3 Bxb3 18. cxb3 d5 19. Qf3 Bxa3 20. Nxd5 Nxd5 21.
bxa3 Qc5+ 22. Kh2 Ne3 23. Rc1 Nxf1+ 0-1

[Event "36 R.G.Nezhmetdinov Memorial"]
[Site "Kazan, Russia"]
[Date "2014.05.31"]
[Round "1.47"]
[White "Gorozhanin, Mikhail"]
[Black "Zhanazarov, Iskander"]
[Result "1-0"]
[WhiteElo "2299"]
[BlackElo "1764"]
[PlyCount "67"]
[EventDate "2015.??.??"]

1. Nf3 Nf6 2. c4 c6 3. d4 d5 4. Nc3 a6 5. c5 Nbd7 6. Bf4 g6 7. h3 Bg7 8. e3 O-O
9. Bd3 b6 10. cxb6 Qxb6 11. O-O Qxb2 12. Na4 Qb7 13. Rb1 Qa7 14. Qc2 Bb7 15.
Qb3 Bc8 16. Rfc1 Nh5 17. Bh2 c5 18. dxc5 Bh6 19. Nd4 Ndf6 20. Nb6 Bb7 21. Nxa8
Bxa8 22. Qb6 Qd7 23. c6 Qc8 24. Bxa6 Qe8 25. c7 Nd7 26. Qb5 e5 27. c8=Q Nhf6
28. Qxe8 Rxe8 29. Rc8 Rxc8 30. Bxc8 exd4 31. Bxd7 Nxd7 32. Qxd7 dxe3 33. Rb8+
Kg7 34. Be5# 1-0

[Event "36 R.G.Nezhmetdinov Memorial"]
[Site "Kazan, Russia"]
[Date "2014.05.31"]
[Round "1.48"]
[White "Faizrakhmanov, Ildar"]
[Black "Tokarev, Ilya"]
[Result "0-1"]
[WhiteElo "1721"]
[BlackElo "2295"]
[PlyCount "100"]
[EventDate "2015.??.??"]

1. e4 e6 2. d4 d5 3. exd5 exd5 4. Nf3 Nc6 5. c3 Bd6 6. Bg5 Nge7 7. Bd3 Bg4 8.
Nbd2 Qd7 9. O-O f6 10. Bh4 O-O-O 11. Bg3 Bxg3 12. hxg3 h5 13. Qc2 g5 14. Nh2
Be6 15. Nb3 Kb8 16. Nc5 Qd6 17. Nxe6 Qxe6 18. Rfe1 Qd7 19. b4 Rde8 20. Re3 Nc8
21. Bf5 Qd8 22. Rae1 Nd6 23. Bd3 Qd7 24. Kf1 a5 25. b5 Rxe3 26. Rxe3 Ne7 27. a4
g4 28. Qe2 Nef5 29. Re6 Ne4 30. Rxe4 dxe4 31. Qxe4 Nd6 32. Qg6 Qf7 33. Qxf7
Nxf7 34. f3 gxf3 35. Nxf3 Ng5 36. Nh4 Re8 37. Nf5 Ne4 38. c4 Nc3 39. Bc2 Re2
40. Bd1 Rb2 41. Bxh5 Nxa4 42. d5 Nc3 43. d6 cxd6 44. Nxd6 a4 45. Bf7 b6 46. c5
Nxb5 47. Nc4 Rb1+ 48. Kf2 bxc5 49. Bg6 Rc1 50. Bf7 a3 0-1

[Event "36 R.G.Nezhmetdinov Memorial"]
[Site "Kazan, Russia"]
[Date "2014.05.31"]
[Round "1.49"]
[White "Filipenko, Alexander V"]
[Black "Kurninov, Andrei"]
[Result "1-0"]
[WhiteElo "2293"]
[BlackElo "1708"]
[PlyCount "83"]
[EventDate "2015.??.??"]

1. e4 c5 2. Nf3 g6 3. c3 Bg7 4. d4 cxd4 5. cxd4 d5 6. e5 Nc6 7. Bb5 Bg4 8.
Bxc6+ bxc6 9. Nbd2 Nh6 10. h3 Bxf3 11. Nxf3 O-O 12. O-O Qb6 13. b3 c5 14. Ba3
cxd4 15. Bxe7 Rfe8 16. Bf6 Bxf6 17. exf6 Qxf6 18. Qxd4 Qxd4 19. Nxd4 Kg7 20.
Rac1 Rac8 21. f3 Kf6 22. g4 Ke5 23. Rcd1 Kf4 24. Kf2 Ng8 25. Rfe1 h5 26. Ne2+
Kg5 27. Rxd5+ Kh4 28. Rd2 f5 29. gxf5 gxf5 30. Rd4+ Kg5 31. h4+ Kf6 32. Rd6+
Kf7 33. Rd7+ Re7 34. Rxe7+ Nxe7 35. Nf4 a5 36. Re2 a4 37. bxa4 Rc4 38. Kg3 Rxa4
39. Rb2 Ra3 40. Nxh5 Ng6 41. Rb7+ Kf8 42. Rb5 1-0

[Event "36 R.G.Nezhmetdinov Memorial"]
[Site "Kazan, Russia"]
[Date "2014.05.31"]
[Round "1.50"]
[White "Kleimenov, Ivan"]
[Black "Rjabzev, Konstantin"]
[Result "0-1"]
[WhiteElo "1526"]
[BlackElo "2292"]
[PlyCount "66"]
[EventDate "2015.??.??"]

1. d4 d6 2. e4 g6 3. Nc3 Bg7 4. Nf3 a6 5. Be3 b5 6. a3 Bb7 7. Qd2 Nd7 8. d5 c5
9. dxc6 Bxc6 10. Nd4 Bb7 11. f3 Rc8 12. Bd3 Ngf6 13. Nce2 d5 14. exd5 Nxd5 15.
Bf2 h5 16. Bxg6 Bh6 17. f4 e5 18. O-O fxg6 19. Qd3 Qf6 20. Bh4 Qxh4 21. Qxg6+
Kd8 22. Qd6 exd4 23. Nxd4 Qe7 24. Ne6+ Ke8 25. Nc7+ Kf7 26. Qxe7+ Nxe7 27. Ne6
Kxe6 28. Rae1+ Kf7 29. f5 Rxc2 30. f6 Rxg2+ 31. Kh1 Rg4+ 32. Re4 Bxe4+ 33. Rf3
Bxf3# 0-1

[Event "36 R.G.Nezhmetdinov Memorial"]
[Site "Kazan"]
[Date "2014.06.01"]
[Round "2.1"]
[White "Kokarev, Dmitry"]
[Black "Pasiev, Rakhim"]
[Result "1-0"]
[WhiteElo "2628"]
[BlackElo "2410"]
[PlyCount "131"]
[EventDate "2014.??.??"]

1. e4 e6 2. d3 d5 3. Nd2 Nf6 4. Ngf3 c5 5. g3 Nc6 6. Bg2 Be7 7. O-O b6 8. Re1
Bb7 9. Qe2 Qc7 10. c3 h6 11. a3 g5 12. exd5 Nxd5 13. Nc4 O-O-O 14. a4 a6 15.
Nfe5 Nxe5 16. Nxe5 Bf6 17. a5 Bxe5 18. axb6 Nxb6 19. Qxe5 Bxg2 20. Kxg2 Qxe5
21. Rxe5 Rxd3 22. Rxc5+ Kb7 23. Be3 Rd5 24. Kf3 f5 25. g4 Rxc5 26. Bxc5 Nc4 27.
Re1 Kc6 28. b4 Kd5 29. gxf5 exf5 30. Bd4 Rc8 31. Re7 Rc6 32. Rd7+ Rd6 33. Rb7
Kc6 34. Rf7 f4 35. Kg4 Nd2 36. h4 gxh4 37. Rxf4 Kd5 38. Be3 Ne4 39. c4+ Ke5 40.
Rf5+ Ke6 41. Rf8 Nf6+ 42. Kxh4 Rc6 43. c5 Nd5 44. Rb8 Kf5 45. Kg3 Ke4 46. Rd8
Nxe3 47. fxe3 a5 48. Re8+ Kd5 49. e4+ Kc4 50. bxa5 Rxc5 51. a6 Ra5 52. Ra8 Kb5
53. e5 Kb6 54. Kf4 Ra1 55. e6 Re1 56. Kf5 h5 57. Rh8 Kxa6 58. Rxh5 Kb6 59. Rh2
Kc7 60. Rd2 Rf1+ 61. Kg6 Re1 62. Kf7 Rf1+ 63. Ke8 Re1 64. e7 Rf1 65. Rc2+ Kb7
66. Rc4 1-0

[Event "36 R.G.Nezhmetdinov Memorial"]
[Site "Kazan"]
[Date "2014.06.01"]
[Round "2.2"]
[White "Smirnov, Alexey"]
[Black "Andriasian, Zaven"]
[Result "1-0"]
[WhiteElo "2407"]
[BlackElo "2611"]
[PlyCount "79"]
[EventDate "2014.??.??"]

1. d4 Nf6 2. c4 c5 3. d5 b5 4. cxb5 a6 5. bxa6 Bxa6 6. Nc3 d6 7. Nf3 g6 8. e4
Bxf1 9. Kxf1 Bg7 10. g3 O-O 11. Kg2 Nbd7 12. h3 Qa5 13. Bg5 Rfb8 14. Qc2 Nb6
15. b3 c4 16. Bd2 Nfd7 17. Ne2 cxb3 18. axb3 Qc5 19. Bc3 Rxa1 20. Rxa1 Rc8 21.
Rc1 Bxc3 22. Qxc3 Qa3 23. Ra1 Rxc3 24. Rxa3 Rd3 25. Nf4 Rc3 26. Nd4 Nc5 27. Ra7
Kf8 28. f3 g5 29. Nfe2 Rd3 30. b4 Nb3 31. Nf5 e6 32. dxe6 fxe6 33. Ng7 Rd2 34.
Nxe6+ Kg8 35. Kf1 Nc4 36. Rg7+ Kh8 37. Rc7 Ne3+ 38. Kf2 Nd1+ 39. Ke1 h6 40.
N6d4 1-0

[Event "36 R.G.Nezhmetdinov Memorial"]
[Site "Kazan"]
[Date "2014.06.01"]
[Round "2.3"]
[White "Vastrukhin, Oleg"]
[Black "Bocharov, Dmitry"]
[Result "0-1"]
[WhiteElo "2401"]
[BlackElo "2598"]
[PlyCount "124"]
[EventDate "2014.??.??"]

1. d4 Nf6 2. g3 c5 3. Nf3 cxd4 4. Nxd4 d5 5. Bg2 e5 6. Nb3 Be7 7. Bg5 Nbd7 8.
e3 h6 9. Bxf6 Nxf6 10. Nc3 Be6 11. Qd2 Rc8 12. a3 O-O 13. Rd1 e4 14. O-O Qb6
15. Ne2 Rfd8 16. Ned4 Bd7 17. h3 Ne8 18. Qa5 Qxa5 19. Nxa5 Nd6 20. Rb1 Bf6 21.
Nab3 Nc4 22. Rfc1 Ba4 23. Bf1 Kf8 24. c3 Nd6 25. Nd2 Rc7 26. Be2 Ke7 27. Kf1
Be5 28. Ke1 f5 29. Bd1 Be8 30. Bb3 Bf7 31. Ne2 g5 32. Rd1 b5 33. a4 Rb8 34.
axb5 Rxb5 35. Ba4 Rb6 36. Nd4 f4 37. g4 h5 38. Rdc1 hxg4 39. hxg4 Rc8 40. b4
Rh8 41. Bb3 Kf6 42. Ra1 Rh1+ 43. Nf1 Bxd4 44. exd4 Be6 45. Rxa7 Bxg4 46. Bxd5
Bh3 47. Ke2 f3+ 48. Ke3 Bxf1 49. Kd2 Bc4 50. Rxh1 Bxd5 51. Rh6+ Kf5 52. Ke1 e3
53. Ra5 exf2+ 54. Kf1 Ke4 55. Kxf2 Kf4 56. Rf6+ Kg4 57. Kg1 Nc4 58. Rxb6 Nxb6
59. Kf2 Kf4 60. c4 Bxc4 61. Rxg5 Kxg5 62. Kxf3 Kf5 0-1